Chemical engineering design and analysis : (Record no. 21010)
[ view plain ]
| 000 -LEADER | |
|---|---|
| fixed length control field | 01062cam a22003135a 4500 |
| 001 - CONTROL NUMBER | |
| control field | 4979319 |
| 005 - DATE AND TIME OF LATEST TRANSACTION | |
| control field | 20201128023615.0 |
| 008 - FIXED-LENGTH DATA ELEMENTS--GENERAL INFORMATION | |
| fixed length control field | 980309s2011 enka frbd f001 0 eng d |
| 020 ## - INTERNATIONAL STANDARD BOOK NUMBER | |
| International Standard Book Number | 052163041X (hardback) |
| 020 ## - INTERNATIONAL STANDARD BOOK NUMBER | |
| International Standard Book Number | 0521639565 (paperback) |
| 020 ## - INTERNATIONAL STANDARD BOOK NUMBER | |
| International Standard Book Number | 9780521639569 |
| 040 ## - CATALOGING SOURCE | |
| Original cataloging agency | DLC |
| Transcribing agency | DLC |
| Modifying agency | DLC |
| Language of cataloging | eng |
| Modifying agency | EG-ScBUE |
| 082 04 - DEWEY DECIMAL CLASSIFICATION NUMBER | |
| Classification number | 660.2 |
| Edition number | 22 |
| Item number | DUN |
| 100 1# - MAIN ENTRY--PERSONAL NAME | |
| Personal name | Duncan, T. Michael. |
| 9 (RLIN) | 38698 |
| 245 10 - TITLE STATEMENT | |
| Title | Chemical engineering design and analysis : |
| Remainder of title | an introduction / |
| Statement of responsibility, etc | T. Michael Duncan and Jeffrey A. Reimer. |
| 250 ## - EDITION STATEMENT | |
| Edition statement | 10th printing ed. |
| 260 ## - PUBLICATION, DISTRIBUTION, ETC. (IMPRINT) | |
| Place of publication, distribution, etc | Cambridge ; |
| -- | New York : |
| Name of publisher, distributor, etc | Cambridge University Press, |
| Date of publication, distribution, etc | 2011. |
| 300 ## - PHYSICAL DESCRIPTION | |
| Extent | xiv, 380 p. : |
| Other physical details | ill. ; |
| Dimensions | 26 cm. |
| 490 0# - Series Statement | |
| Series statement | Cambridge series in chemical engineering |
| 500 ## - GENERAL NOTE | |
| General note | Glossary : p. 368-373. |
| 500 ## - GENERAL NOTE | |
| General note | Index : p. 375-380. |
| 504 ## - BIBLIOGRAPHY, ETC. NOTE | |
| Bibliography, etc | Includes bibliographical references. |
| 650 #7 - SUBJECT ADDED ENTRY--TOPICAL TERM | |
| Topical term or geographic name as entry element | Chemical engineering. |
| Source of heading or term | BUEsh |
| 9 (RLIN) | 1062 |
| 651 ## - SUBJECT ADDED ENTRY--GEOGRAPHIC NAME | |
| Source of heading or term | BUEsh |
| 653 ## - INDEX TERM--UNCONTROLLED | |
| Resource For college | Engineering, Chemical |
| Arrived date list | November2015 |
| 655 ## - INDEX TERM--GENRE/FORM | |
| Form subdivision | Reading book |
| -- | 34232 |
| 700 1# - ADDED ENTRY--PERSONAL NAME | |
| Personal name | Reimer, Jeffrey A. |
| Fuller form of name | (Jeffrey Allen) |
| 942 ## - ADDED ENTRY ELEMENTS (KOHA) | |
| Source of classification or shelving scheme | Dewey Decimal Classification |
| Withdrawn status | Item status | Source of classification or shelving scheme | Damaged status | Not for loan | Vendor | Home library | Current library | Shelving location | Date acquired | Source of acquisition | Total Checkouts | Full call number | Barcode | Date last seen | Koha item type | Total Renewals | Date last borrowed |
|---|---|---|---|---|---|---|---|---|---|---|---|---|---|---|---|---|---|
| Dewey Decimal Classification | Baccah | Central Library | Central Library | First floor | 09/11/2015 | Purchase | 660.2 DUN | 000031259 | 15/07/2025 | Book - Borrowing | |||||||
| Dewey Decimal Classification | Baccah | Central Library | Central Library | First floor | 09/11/2015 | Purchase | 1 | 660.2 DUN | 000031258 | 15/07/2025 | Book - Borrowing | 5 | 28/02/2016 | ||||
| Dewey Decimal Classification | Baccah | Central Library | Central Library | First floor | 09/11/2015 | Purchase | 660.2 DUN | 000031256 | 15/07/2025 | Book - Borrowing |